000 00700nam a2200241Ia 4500
001 1955
003 GE_BSU
008 181216s||||||||xx |||||||||||||| ||und||
020 _a9785951602336
040 _cGE_BSU
080 _a340.15(1-87)(075.8)
100 _aКосарев,А.И.
245 _aИстория государства и права зарубежных стран
245 _bУчубник
250 _aИзд. 2-е
260 _aМосква
260 _bЮриспруденция
260 _c2007
300 _a376стр. 19см.
541 _h10л.
653 _aИстория государства и права зарубежных стран
942 _cBK
999 _c36055
_d36055